| 000 | 00568 a2200181 4500 | ||
|---|---|---|---|
| 003 | Nust | ||
| 005 | 20251015112821.0 | ||
| 040 | _cNust | ||
| 082 | _a621.382 | ||
| 100 |
_aSamee, Maj Muhammad Khalid (TE-15) _9131125 |
||
| 245 |
_aDigital multimeter Telecommunication Engg Course / _cMaj Muhammad Khalid Samee & Maj Muhammad Zaman & Maj Muhammad Younis & Capt Sukheity Sayyan ( U.A.E) |
||
| 260 |
_aUET, Lahore _bMCS _c1983 |
||
| 300 | _a37 ,p.; | ||
| 538 | _aT2 and Shelf No 3 | ||
| 650 |
_aUG Projects _998716 |
||
| 651 |
_aTE-15 _9131123 |
||
| 942 |
_cPR _2ddc |
||
| 999 |
_c182138 _d182138 |
||